000
00337 a2200133 4500
999
_c
13161
_d
13161
003
OSt
005
20250214175818.0
008
250214b ||||| |||| 00| 0 eng d
020
_a
9788179935378
100
_a
KUMAR, TM VINOD
245
_a
GEOGRAPHIC INFORMATION SYSTEM FOR SMART CITIES
260
_b
NEW DWLHI COPAL
_c
2014
942
_2
ddc